Vytvorenie Data Stream platformy pre detekciu anomálií vo výrobnom procese

Gespeichert in:
Bibliographische Detailangaben
1. Verfasser: Mĺkvy, Dominik (Verfasst von)
Weitere Verfasser: Tanuška, Pavol (Betreuung Doktorarbeit)
Format: Manuskript Buch
Sprache:Slowakisch
Veröffentlicht: 2021
Schlagworte:
Online-Zugang:http://is.stuba.sk/zp/portal_zp.pl?podrobnosti=158024
Tags: Tag hinzufügen
Keine Tags, Fügen Sie das erste Tag hinzu!

MARC

LEADER 00000ntm a22000003a 4500
001 stuzp84163
003 SK-STU
005 20210612212702.0
007 ta
008 150427s2015----xo-----f-mn---000-0-slo-d
040 |a STU  |b slo 
041 0 |a slo 
100 1 |a Mĺkvy, Dominik  |u 066000  |k Z4  |4 aut  |U MTF Materiálovotechnologická fakulta  |T MTF Ústav aplikovanej informatiky, automatizácie a mechatroniky  |X 88346  |U M6000  |Y 86  |7 88346 
242 0 1 |a Creating a Data Streaming platform for anomaly detection in manufacturing process  |y eng 
245 1 0 |a Vytvorenie Data Stream platformy pre detekciu anomálií vo výrobnom procese 
260 |c 2021 
650 4 |a Big Data  |2 slo 
650 4 |a Machine Learning  |2 slo 
650 4 |a Hadoop  |2 slo 
650 4 |a Apache Spark  |2 slo 
650 4 |a Industry 4.0  |2 slo 
650 4 |a Data Streaming  |2 slo 
650 4 |a Industry 4.0  |2 eng 
650 4 |a Data Streaming  |2 eng 
650 4 |a Big Data  |2 eng 
650 4 |a Machine Learning  |2 eng 
650 4 |a Hadoop  |2 eng 
650 4 |a Apache Spark  |2 eng 
700 1 |a Tanuška, Pavol  |u 066000  |k Z1  |4 ths  |U MTF Materiálovotechnologická fakulta  |T MTF Ústav aplikovanej informatiky, automatizácie a mechatroniky  |X 248  |U M6000  |Y 86  |7 A000000248 
856 4 |u http://is.stuba.sk/zp/portal_zp.pl?podrobnosti=158024 
996 |c M* DP-14722  |l MMSKP  |s P  |a 0  |w stuzp84163_0001